000 00753nam a2200217Ia 4500
001 5705
003 GE_BSU
008 181216s||||||||xx |||||||||||||| ||und||
040 _cGE_BSU
080 _a517.2(075.8)+517.3(075.8)
100 _aБугоров, Я.С.;Никольский, С.М.;
245 _aДифференциальное и интегральное исчисление
245 _bУчеб. для студ. инженерно-технич спец. вузов
250 _aИзд.2-е, перераб идоп.
260 _aМосква
260 _bНаука
260 _c1984.
300 _a431с.20см.
653 _aДифференциальное и интегральное исчисление
942 _cBK
999 _c39124
_d39124